[Event "Kalamazoo October Action Quads.3"]
[Site "Kalamazoo, MI"]
[Date "1999.10.16"]
[Round "2"]
[White "Jacobi, Mark"]
[Black "Smith, Adam"]
[Result "1-0"]
[WhiteElo "1051"]
[BlackElo "818"]
[PlyCount "73"]
[EventDate "1999.10.16"]

1. e4 c5 2. c3 d6 3. d4 cxd4 4. cxd4 Nf6 5. Nc3 g6 6. Bg5 Bg7 7. Nf3 O-O 8. Bc4
Bd7 9. O-O Nc6 10. Qb3 e6 11. e5 dxe5 12. dxe5 Rc8 13. Rad1 a6 14. exf6 Bh8 15.
Rfe1 b5 16. Bxe6 fxe6 17. f7+ Rxf7 18. Bxd8 Rxd8 19. Ne5 Nxe5 20. Rxe5 Bxe5 21.
g3 Rdf8 22. f4 Bg7 23. Ne4 Kh8 24. Nc5 Bc8 25. Re1 Bd4+ 26. Kg2 Bxc5 27. Kf3
Bb7+ 28. Ke2 b4 29. a3 a5 30. axb4 Bxb4 31. Rd1 Ba6+ 32. Kf3 e5 33. Rd8 Bb7+
34. Kg4 h5+ 35. Kh3 exf4 36. Qxf7 Rxd8 37. Qf6+ 1-0

[Event "Kalamazoo October Action Quads.3"]
[Site "Kalamazoo, MI"]
[Date "1999.10.16"]
[Round "3"]
[White "Jacobi, Mark"]
[Black "Culver, Daniel"]
[Result "1-0"]
[WhiteElo "1051"]
[BlackElo "551"]
[PlyCount "61"]
[EventDate "1999.10.16"]

1. e4 c5 2. c3 Nc6 3. d4 cxd4 4. cxd4 Qa5+ 5. Nc3 Nf6 6. e5 Ne4 7. Bd2 Nxd2 8.
Qxd2 Qb4 9. Nge2 d6 10. a3 Qb3 11. Nc1 Qe6 12. f4 Na5 13. Bd3 Nc4 14. Bxc4 Qxc4
15. Qd3 Qxd3 16. Nxd3 Bd7 17. O-O Rc8 18. Rac1 e6 19. d5 Be7 20. Rfe1 O-O 21.
dxe6 fxe6 22. Rf1 dxe5 23. Nxe5 Bc5+ 24. Kh1 Be8 25. Ne4 Be3 26. Rxc8 Bxf4 27.
Rxf4 g6 28. Rxe8 Rxe8 29. Nf6+ Kf8 30. Nxe8+ Kxe8 31. Rf7 1-0

[Event "Kalamazoo October Action Quads.2"]
[Site "Kalamazoo, MI"]
[Date "1999.10.16"]
[Round "3"]
[White "Henkel, Scott"]
[Black "Kizer, Gerald"]
[Result "1-0"]
[WhiteElo "1319"]
[BlackElo "1468"]
[PlyCount "117"]
[EventDate "1999.10.16"]

1. e4 e6 2. d4 d5 3. Nc3 Bb4 4. Nge2 dxe4 5. a3 Bxc3+ 6. Nxc3 Nf6 7. Bg5 h6 8.
Bxf6 Qxf6 9. Nxe4 Qe7 10. Bb5+ Bd7 11. Bxd7+ Nxd7 12. O-O O-O 13. c4 Nf6 14.
Qf3 Nxe4 15. Qxe4 Rfe8 16. b4 c6 17. c5 Qd7 18. Rfe1 Qd5 19. Qxd5 exd5 20. f3
f5 21. f4 Re4 22. Rxe4 fxe4 23. Kf2 Rf8 24. Ke3 g5 25. g3 Kg7 26. Rf1 Kg6 27.
g4 gxf4+ 28. Rxf4 Rxf4 29. Kxf4 Kf6 30. h4 Kg6 31. Kg3 Kf6 32. Kf4 Ke6 33. a4
a6 34. g5 hxg5+ 35. hxg5 Kf7 36. Ke3 Kg6 37. Kf4 e3 38. Kxe3 Kxg5 39. Kf3 Kf5
40. a5 Kg5 41. Kg3 Kh5 42. Kf4 Kh4 43. Ke5 Kg3 44. Kd6 Kf4 45. Kc7 Ke4 46. Kxb7
Kxd4 47. Kxc6 Kc4 48. Kb6 d4 49. c6 d3 50. c7 Kxb4 51. c8=Q Kb3 52. Qc1 Kb4 53.
Qd2+ Kc4 54. Kxa6 Kc5 55. Qxd3 Kc6 56. Qd4 Kc7 57. Qd5 Kc8 58. Qf7 Kd8 59. Kb6
1-0

[Event "Kalamazoo October Action Quads.2"]
[Site "Kalamazoo, MI"]
[Date "1999.10.16"]
[Round "1"]
[White "Henkel, Scott"]
[Black "Kilburn, Gregory"]
[Result "1-0"]
[WhiteElo "1319"]
[BlackElo "1202"]
[PlyCount "75"]
[EventDate "1999.10.16"]

1. e4 c5 2. Nf3 d6 3. d4 cxd4 4. Nxd4 Nc6 5. Nc3 e6 6. Bb5 Bd7 7. Qd3 Nf6 8.
Bg5 Be7 9. f4 O-O 10. O-O-O a6 11. Bxc6 bxc6 12. e5 Ne8 13. Ne4 f6 14. exf6
Nxf6 15. Nxf6+ Bxf6 16. Bxf6 Rxf6 17. g3 c5 18. Nf3 d5 19. Ng5 g6 20. h4 Be8
21. h5 Kg7 22. hxg6 Bxg6 23. Qe3 Qd6 24. a4 d4 25. Qf3 e5 26. Qxa8 h6 27. Qa7+
Bf7 28. Nxf7 Rxf7 29. Qa8 e4 30. Qxe4 Rf6 31. Rde1 Qf8 32. Qe7+ Qxe7 33. Rxe7+
Kg6 34. Re5 Kg7 35. f5 d3 36. Re7+ Rf7 37. Rxf7+ Kxf7 38. Rxh6 1-0

[Event "Kalamazoo October Action Quads.1"]
[Site "Kalamazoo, MI"]
[Date "1999.10.16"]
[Round "1"]
[White "Fischvogt, Eric"]
[Black "Farmand, Farnood"]
[Result "1-0"]
[WhiteElo "2200"]
[BlackElo "1593"]
[PlyCount "48"]
[EventDate "1999.10.16"]

1. Nf3 d5 2. g3 Nc6 3. d4 Nf6 4. Bg2 Bf5 5. c4 e6 6. O-O Be7 7. Nc3 O-O 8. Nh4
Be4 9. cxd5 Bxg2 10. Nxg2 exd5 11. Nf4 Qd7 12. e3 Rae8 13. Bd2 Bb4 14. Nce2
Bxd2 15. Qxd2 Ne4 16. Qc2 Ne7 17. f3 Nf6 18. g4 c6 19. Ng3 h6 20. Qb3 g5 21.
Nd3 Ng6 22. Nf5 Kh7 23. Ne5 Qe6 24. Nd3 b6 1-0

[Event "Kalamazoo October Action Quads.1"]
[Site "Kalamazoo, MI"]
[Date "1999.10.16"]
[Round "3"]
[White "Farmand, Farnood"]
[Black "Brown, Dan"]
[Result "0-1"]
[WhiteElo "1593"]
[BlackElo "1779"]
[PlyCount "76"]
[EventDate "1999.10.16"]

1. e4 c5 2. Nf3 Nc6 3. c3 d5 4. exd5 Qxd5 5. Be2 Nf6 6. O-O e5 7. d3 Be7 8. Bg5
O-O 9. Nbd2 Bf5 10. Nc4 b5 11. Ne3 Qd7 12. Nxf5 Qxf5 13. Qb3 a6 14. Bxf6 Bxf6
15. Qd5 Ne7 16. Qxc5 Ng6 17. Qe3 Nf4 18. Rfd1 Rad8 19. d4 Qg4 20. g3 Nxe2+ 21.
Qxe2 e4 22. h3 Qxf3 23. Qxf3 exf3 24. Re1 Rfe8 25. Re3 Re6 26. Rae1 Rde8 27. b3
Bg5 28. Rxe6 Rxe6 29. Kf1 Bd2 30. Rxe6 fxe6 31. c4 bxc4 32. bxc4 Kf7 33. Kg1
Ke7 34. g4 Kd6 35. Kh2 Bf4+ 36. Kg1 Kc6 37. Kf1 Bd2 38. Kg1 Bc3 0-1

[Event "Kalamazoo October Action Quads.4"]
[Site "Kalamazoo, MI"]
[Date "1999.10.16"]
[Round "1"]
[White "Dimon, Richard"]
[Black "Worden, Brad"]
[Result "1/2-1/2"]
[WhiteElo "916"]
[BlackElo "1017"]
[PlyCount "112"]
[EventDate "1999.10.16"]

1. d4 a6 2. e4 h5 3. Nc3 Nf6 4. Nf3 e6 5. Bg5 Be7 6. Bc4 c6 7. O-O d5 8. exd5
cxd5 9. Bb3 b5 10. Ne5 Nbd7 11. Ne2 Bb7 12. c3 Ne4 13. Bc2 Nxg5 14. Ng3 h4 15.
Nh5 Bf6 16. Qg4 Ne4 17. Nxg7+ Bxg7 18. Qxg7 Nxe5 19. Qxh8+ Kd7 20. Qxe5 Qe7 21.
Rad1 Rg8 22. h3 f6 23. Qh5 Qg7 24. Qf3 Ng5 25. Qe2 Ne4 26. Qf3 Ng5 27. Qg4 Kc7
28. Qxh4 Rh8 29. Qg3+ Kd7 30. Rde1 Kc6 31. h4 Qh6 32. f3 Qxh4 33. Qxh4 Rxh4 34.
f4 Ne4 35. Bxe4 dxe4 36. Rxe4 Kd7 37. Re2 f5 38. Rfe1 Be4 39. g3 Rg4 40. b3
Rxg3+ 41. Kh2 Rxc3 42. Re3 Rc2+ 43. R3e2 Rc3 44. Re3 Rc2+ 45. R1e2 Rc1 46. Kh3
Rh1+ 47. Rh2 Rf1 48. Rc3 Rxf4 49. Rg3 Kd6 50. Rg8 Kc6 51. Ra8 Kb6 52. Rb8+ Ka5
53. a4 Kb4 54. axb5 axb5 55. Rb2 Rf3+ 56. Kg2 Rxb3+ 1/2-1/2

[Event "Kalamazoo October Action Quads.4"]
[Site "Kalamazoo, MI"]
[Date "1999.10.16"]
[Round "3"]
[White "Dimon, Richard"]
[Black "Aerts, Eric"]
[Result "1-0"]
[WhiteElo "916"]
[BlackElo "484"]
[PlyCount "29"]
[EventDate "1999.10.16"]

1. d4 d5 2. c4 Nc6 3. e3 g6 4. Nc3 Bg7 5. Nxd5 Nh6 6. Nf3 O-O 7. c5 Qxd5 8. Qc2
Qd8 9. Bd2 Bxd4 10. exd4 Nxd4 11. Nxd4 Qxd4 12. O-O-O Qxf2 13. Bxh6 Re8 14. Qc3
b6 15. Qg7# 1-0

[Event "Kalamazoo October Action Quads.4"]
[Site "Kalamazoo, MI"]
[Date "1999.10.16"]
[Round "1"]
[White "Cahill, David"]
[Black "Krzyston, Joe"]
[Result "1-0"]
[WhiteElo "1284"]
[BlackElo "909"]
[PlyCount "61"]
[EventDate "1999.10.16"]

1. e4 g5 2. d4 h6 3. Nc3 Bg7 4. Bc4 c5 5. d5 Bxc3+ 6. bxc3 d6 7. Bb2 Nf6 8. Qe2
a6 9. Nf3 Bg4 10. Bb3 b5 11. c4 b4 12. h3 Bh5 13. O-O Nbd7 14. Ba4 O-O 15. Bxd7
Qxd7 16. Qe3 a5 17. e5 Nh7 18. Rfe1 e6 19. exd6 Rae8 20. Qe5 f6 21. dxe6 Qa7
22. Qd5 Bxf3 23. gxf3 f5 24. e7+ Rf7 25. d7 Nf6 26. dxe8=Q+ Nxe8 27. Qd8 Kh7
28. Qxe8 Kg6 29. Qg8+ Rg7 30. Qxg7+ Kh5 31. e8=Q+ 1-0

[Event "Kalamazoo October Action Quads.4"]
[Site "Kalamazoo, MI"]
[Date "1999.10.16"]
[Round "2"]
[White "Cahill, David"]
[Black "Dimon, Richard"]
[Result "1-0"]
[WhiteElo "1284"]
[BlackElo "916"]
[PlyCount "35"]
[EventDate "1999.10.16"]

1. e4 e5 2. Nf3 Nc6 3. Bb5 Bd6 4. O-O Nf6 5. Re1 O-O 6. Nc3 Bc5 7. Nxe5 Nxe5 8.
d4 Ng6 9. dxc5 d6 10. cxd6 cxd6 11. Bg5 Ne5 12. Nd5 Neg4 13. h3 Ne5 14. Nxf6+
gxf6 15. Bh6 Re8 16. Bxe8 Qxe8 17. Qxd6 b6 18. Qxf6 1-0

[Event "Kalamazoo October Action Quads.1"]
[Site "Kalamazoo, MI"]
[Date "1999.10.16"]
[Round "2"]
[White "Brumley, Ron"]
[Black "Farmand, Farnood"]
[Result "1-0"]
[WhiteElo "2007"]
[BlackElo "1593"]
[PlyCount "63"]
[EventDate "1999.10.16"]

1. e4 e5 2. Nf3 Nc6 3. Bc4 Be7 4. Nc3 Nf6 5. d3 d6 6. h3 Be6 7. Be3 Bxc4 8.
dxc4 O-O 9. O-O Re8 10. Qe2 Qc8 11. Rfd1 h6 12. Rd2 Nd8 13. Rad1 Ne6 14. Ne1 c5
15. Nd5 Nxe4 16. Nxe7+ Rxe7 17. Rd3 Nf6 18. Rxd6 Nd4 19. Bxd4 cxd4 20. R6xd4
exd4 21. Qxe7 Qxc4 22. Qxb7 Re8 23. Qb3 Qc7 24. Qf3 Qc4 25. b3 Qc5 26. Qd3 Nd5
27. Nf3 Nf4 28. Qd2 Ne2+ 29. Kh2 Qb5 30. Qd3 Qxd3 31. Rxd3 Nf4 32. Rxd4 1-0

[Event "Kalamazoo October Action Quads.4"]
[Site "Kalamazoo, MI"]
[Date "1999.10.16"]
[Round "2"]
[White "Aerts, Eric"]
[Black "Krzyston, Joe"]
[Result "0-1"]
[WhiteElo "484"]
[BlackElo "909"]
[PlyCount "43"]
[EventDate "1999.10.16"]

1. e4 g5 2. b3 Bg7 3. Bb2 Bxb2 4. Nc3 Bxa1 5. Qxa1 Nh6 6. Nf3 Rg8 7. Be2 Nc6 8.
Nxg5 Rxg5 9. h4 Rxg2 10. Bf3 Rg6 11. Bh5 Rf6 12. Rh3 Nd4 13. Qb2 d6 14. Rd3
Nf3+ 15. Bxf3 Bh3 16. Nd5 Rg6 17. Bh5 Rg1+ 18. Ke2 Bg4+ 19. Ke3 Bxh5 20. Nf4
Re1+ 21. Kd4 c5+ 22. Kd5 0-1

[Event "Cadillac Open"]
[Site "Cadillac, MI"]
[Date "1999.11.06"]
[Round "3"]
[White "Townsend, Paul"]
[Black "Jacobs, Ron"]
[Result "1-0"]
[WhiteElo "1881"]
[BlackElo "1279"]
[PlyCount "51"]
[EventDate "1999.09.03"]

1. e4 c5 2. Nf3 d6 3. d4 cxd4 4. Nxd4 Nf6 5. Nc3 g6 6. Bc4 Bg7 7. Bb3 O-O 8.
O-O Bd7 9. Re1 Nc6 10. Nxc6 bxc6 11. Bg5 h6 12. Bh4 Bg4 13. f3 Be6 14. e5 Nd5
15. exd6 Qxd6 16. Ne4 Qc7 17. Nc5 Bxb2 18. Nxe6 fxe6 19. Rb1 Ba3 20. Rxe6 Kg7
21. Bxd5 cxd5 22. Qd3 Rf6 23. Bxf6+ exf6 24. Qxa3 Qxc2 25. Rb7+ Kg8 26. Qe7 1-0

[Event "Cadillac Open"]
[Site "Cadillac, MI"]
[Date "1999.11.06"]
[Round "3"]
[White "Swathell, Gary"]
[Black "Matias, I.C."]
[Result "1/2-1/2"]
[WhiteElo "1551"]
[BlackElo "1632"]
[PlyCount "43"]
[EventDate "1999.09.03"]

1. c4 Nf6 2. Nc3 e6 3. g3 d5 4. cxd5 exd5 5. d4 c6 6. Bg2 Bd6 7. Nf3 O-O 8. O-O
Nbd7 9. Bg5 Re8 10. Qd2 Qc7 11. Bxf6 Nxf6 12. e3 Bg4 13. a3 Qd7 14. Rac1 Bh3
15. Qe2 h6 16. Rfe1 Bxg2 17. Kxg2 Re7 18. Qc2 Rae8 19. Nh4 Ne4 20. Nxe4 Rxe4
21. Nf3 Qg4 22. Qe2 1/2-1/2

[Event "Cadillac Open"]
[Site "Cadillac, MI"]
[Date "1999.11.06"]
[Round "1"]
[White "Saylor, Oliver"]
[Black "Townsend, Paul"]
[Result "1-0"]
[WhiteElo "1308"]
[BlackElo "1881"]
[PlyCount "105"]
[EventDate "1999.09.03"]

1. e4 e6 2. d4 b6 3. Be2 Bb7 4. Bf3 d5 5. exd5 Bxd5 6. Bxd5 Qxd5 7. Qf3 Nc6 8.
Qxd5 exd5 9. Nf3 Nf6 10. Nc3 Bb4 11. Bd2 O-O 12. O-O Bxc3 13. Bxc3 Rfe8 14. Be1
Re2 15. Rc1 Nb4 16. Bxb4 c5 17. dxc5 bxc5 18. Bxc5 Rc8 19. Bxa7 Ra8 20. Bd4
Rxa2 21. Rfe1 Rxe1+ 22. Rxe1 h6 23. Rb1 Ne4 24. c3 Nd6 25. Ne5 f6 26. Nc6 Kf7
27. Nb4 Ra5 28. f3 Nc4 29. Kf2 Rb5 30. b3 Na5 31. Ke2 Ke6 32. Kd3 Kd6 33. Kc2
Kd7 34. g3 Kd6 35. Re1 Rb7 36. Rd1 Ke6 37. g4 Rb5 38. f4 g6 39. f5+ gxf5 40.
gxf5+ Kxf5 41. Rf1+ Kg5 42. Rxf6 Nb7 43. Rb6 Rxb6 44. Bxb6 Kg4 45. Nxd5 Kh3 46.
Bc7 h5 47. b4 h4 48. c4 Kg2 49. c5 h3 50. c6 Nd8 51. Bxd8 Kxh2 52. b5 Kg1 53.
Bc7 1-0

[Event "Cadillac Open"]
[Site "Cadillac, MI"]
[Date "1999.11.06"]
[Round "3"]
[White "Saylor, Oliver"]
[Black "Crysler, Jerry"]
[Result "0-1"]
[WhiteElo "1308"]
[BlackElo "1463"]
[PlyCount "68"]
[EventDate "1999.09.03"]

1. e4 c5 2. Nf3 g6 3. c3 Bg7 4. d4 cxd4 5. cxd4 d5 6. e5 e6 7. Nc3 Ne7 8. Bd3
O-O 9. O-O a6 10. Be3 Nbc6 11. a3 f5 12. exf6 Bxf6 13. Bh6 Bg7 14. Bxg7 Kxg7
15. Re1 Nf5 16. Bxf5 Rxf5 17. Na4 b6 18. b4 Bd7 19. Nb2 Qf6 20. Qd2 Rb8 21. Nd1
Rf4 22. Ne3 Rf8 23. Rf1 Rxf3 24. gxf3 Nxd4 25. Ng4 Nxf3+ 26. Kh1 Nxd2 27. Nxf6
Rxf6 28. Rfd1 Rxf2 29. Rac1 Bb5 30. Rc7+ Kh6 31. Re7 Nf3 32. Rd2 Rxd2 33. Rxh7+
Kxh7 34. a4 Rxh2# 0-1

[Event "Cadillac Open"]
[Site "Cadillac, MI"]
[Date "1999.11.06"]
[Round "2"]
[White "Roe, Philip"]
[Black "Spangler, Richard"]
[Result "1-0"]
[WhiteElo "2050"]
[BlackElo "1417"]
[PlyCount "69"]
[EventDate "1999.09.03"]

1. e4 d5 2. exd5 Nf6 3. c4 e6 4. dxe6 Bxe6 5. Nf3 Nc6 6. d4 Bb4+ 7. Nc3 Qe7 8.
Be3 Bf5 9. Bd3 Bxd3 10. Qxd3 O-O 11. O-O Rad8 12. Bg5 Nxd4 13. Nd5 Ne2+ 14. Kh1
Kh8 15. Qf5 Qd7 16. Qxd7 Rxd7 17. Bxf6 gxf6 18. Nxb4 c6 19. Rad1 Rc7 20. Rd2
Nf4 21. Rfd1 Rg8 22. Rd8 Re7 23. g3 Ne6 24. Rxg8+ Kxg8 25. Nh4 Re8 26. Nf5 Nc5
27. Nc2 h5 28. Nce3 Kh7 29. Kg2 Kg6 30. b4 Ne4 31. Rd7 Nc3 32. Nd6 Rf8 33. Rxb7
Nxa2 34. b5 cxb5 35. cxb5 1-0

[Event "Cadillac Open"]
[Site "Cadillac, MI"]
[Date "1999.11.06"]
[Round "1"]
[White "Matias, I.C."]
[Black "Mitchell, Dave"]
[Result "1-0"]
[WhiteElo "1632"]
[BlackElo "1281"]
[PlyCount "57"]
[EventDate "1999.09.03"]

1. d4 Nf6 2. c4 d6 3. Nc3 c6 4. e4 Nbd7 5. Bd3 e5 6. Nf3 Be7 7. O-O O-O 8. Qe2
Re8 9. Bg5 h6 10. dxe5 Nxe5 11. Nxe5 hxg5 12. Nf3 Bg4 13. Rad1 Qc7 14. Qe3 Nh5
15. h3 Bxf3 16. Qxf3 Nf4 17. Bb1 Bf6 18. h4 Bxc3 19. bxc3 Ne6 20. e5 dxe5 21.
hxg5 g6 22. Qf6 Qe7 23. Qxe5 Nxg5 24. Qxe7 Rxe7 25. f4 Nh7 26. f5 g5 27. f6 Re6
28. Rd4 Rxf6 29. Bxh7+ 1-0

[Event "Cadillac Open"]
[Site "Cadillac, MI"]
[Date "1999.11.06"]
[Round "3"]
[White "Kulbacki, James"]
[Black "Roe, Philip"]
[Result "1/2-1/2"]
[WhiteElo "2028"]
[BlackElo "2050"]
[PlyCount "45"]
[EventDate "1999.09.03"]

1. c4 g6 2. d4 Bg7 3. Nc3 d6 4. e4 Nc6 5. Be3 e5 6. d5 Nce7 7. Bd3 f5 8. f3 Nf6
9. Nge2 O-O 10. Qc2 fxe4 11. Nxe4 Nf5 12. Bf2 c5 13. dxc6 bxc6 14. O-O c5 15.
Nxf6+ Bxf6 16. Rad1 Rb8 17. b3 Bg5 18. Kh1 Be3 19. g4 Nd4 20. Nxd4 Bxd4 21.
Bxd4 exd4 22. Bxg6 hxg6 23. Qxg6+ 1/2-1/2

[Event "Cadillac Open"]
[Site "Cadillac, MI"]
[Date "1999.11.06"]
[Round "1"]
[White "Kulbacki, James"]
[Black "Miller, Jess"]
[Result "1-0"]
[WhiteElo "2028"]
[BlackElo "1320"]
[PlyCount "36"]
[EventDate "1999.09.03"]

1. d4 d5 2. c4 e6 3. Nc3 Bb4 4. Nf3 Bxc3+ 5. bxc3 Nf6 6. Ba3 dxc4 7. Qa4+ Bd7
8. Qxc4 Nc6 9. e3 Nd5 10. e4 Nb6 11. Qd3 Qf6 12. Qc2 O-O-O 13. Bd3 e5 14. d5
Ne7 15. c4 Bg4 16. Be2 Rhe8 17. c5 Bxf3 18. cxb6 Bxe2 1-0

[Event "Cadillac Open"]
[Site "Cadillac, MI"]
[Date "1999.11.06"]
[Round "2"]
[White "Jacobs, Ron"]
[Black "Swathell, Gary"]
[Result "1/2-1/2"]
[WhiteElo "1279"]
[BlackElo "1551"]
[PlyCount "44"]
[EventDate "1999.09.03"]

1. e4 d6 2. d4 Nf6 3. Nc3 g6 4. Bf4 Bg7 5. Bc4 O-O 6. Nge2 c5 7. dxc5 dxc5 8.
Qxd8 Rxd8 9. O-O Nc6 10. Rfd1 Nd4 11. Nxd4 Rxd4 12. Rxd4 cxd4 13. Nd5 Nxd5 14.
Bxd5 e6 15. Bc4 Bd7 16. e5 Rc8 17. Bb3 d3 18. cxd3 Bb5 19. Rd1 g5 20. Bxg5 Bxe5
21. d4 Bg7 22. h3 Rc7 1/2-1/2

[Event "Cadillac Open"]
[Site "Cadillac, MI"]
[Date "1999.11.06"]
[Round "1"]
[White "Jacobs, Ron"]
[Black "Baker, David"]
[Result "1-0"]
[WhiteElo "1279"]
[BlackElo "1570"]
[PlyCount "105"]
[EventDate "1999.09.03"]

1. e4 d6 2. d4 Nf6 3. Nc3 g6 4. Bf4 Bg7 5. Bc4 c5 6. Nge2 O-O 7. dxc5 dxc5 8.
Qxd8 Rxd8 9. O-O Nc6 10. Rad1 Rxd1 11. Rxd1 Bd7 12. f3 h6 13. e5 Bf5 14. exf6
Bxf6 15. g4 g5 16. Be3 Bxc2 17. Rd2 Bg6 18. Bxc5 e6 19. Kg2 b6 20. Be3 h5 21.
h3 hxg4 22. hxg4 Ne5 23. Bb3 Be7 24. Kg3 Rc8 25. f4 gxf4+ 26. Bxf4 Nc6 27. Rd7
Kh7 28. Bd6 Bf6 29. Nf4 Nd4 30. Rxa7 Nxb3 31. axb3 Bxc3 32. bxc3 Rxc3+ 33. Kh4
Rxb3 34. Nxe6 Re3 35. Ng5+ Kg7 36. Bc7 b5 37. Bb6 Rb3 38. Bd4+ Kh6 39. Ra8 Bd3
40. Nxf7+ Kg6 41. Ne5+ Kh7 42. Ra7+ Kg8 43. Rb7 Bb1 44. g5 Rb4 45. Rd7 Bf5 46.
Rd8+ Kh7 47. Kh5 Rb3 48. g6+ Bxg6+ 49. Nxg6 Rh3+ 50. Kg5 Rg3+ 51. Kf5 Rf3+ 52.
Kg4 Rf7 53. Kg5 1-0

[Event "Cadillac Open"]
[Site "Cadillac, MI"]
[Date "1999.11.06"]
[Round "2"]
[White "Crysler, Jerry"]
[Black "Kulbacki, James"]
[Result "0-1"]
[WhiteElo "2028"]
[BlackElo "1463"]
[PlyCount "72"]
[EventDate "1999.09.03"]

1. g3 d5 2. Bg2 Nf6 3. c4 c6 4. b3 Bf5 5. Bb2 e6 6. Nf3 Be7 7. O-O h6 8. d3 O-O
9. Nbd2 Nbd7 10. Nd4 Bh7 11. N2f3 a5 12. cxd5 exd5 13. Ne1 Re8 14. e3 Bd6 15.
Nef3 Nc5 16. Ne1 h5 17. Ndc2 Bg6 18. d4 Nce4 19. Nf3 Ng4 20. Qe2 a4 21. Nh4
Nxh2 22. Bxe4 Bxe4 23. Rfe1 Qg5 24. Ba3 Bxg3 25. fxg3 Qxg3+ 26. Ng2 Ng4 27. Bd6
Qxd6 28. Nf4 axb3 29. axb3 Rxa1 30. Nxa1 g6 31. Qd2 Qf6 32. Re2 Qh4 33. Rg2
Bxg2 34. Nxg2 Qh2+ 35. Kf1 Qh1+ 36. Ke2 Qxg2+ 0-1

[Event "Cadillac Open"]
[Site "Cadillac, MI"]
[Date "1999.11.06"]
[Round "3"]
[White "Baker, David"]
[Black "Miller, Jess"]
[Result "1/2-1/2"]
[WhiteElo "1570"]
[BlackElo "1320"]
[PlyCount "38"]
[EventDate "1999.09.03"]

1. e4 e6 2. d4 d5 3. Nd2 c5 4. c3 Nc6 5. Ngf3 Qb6 6. exd5 exd5 7. Qe2+ Be7 8.
dxc5 Qxc5 9. Nb3 Qd6 10. Be3 Nf6 11. Rd1 Qc7 12. Bg5 Be6 13. Nbd4 Nxd4 14. Nxd4
Qb6 15. Qb5+ Qxb5 16. Nxb5 O-O 17. a3 a6 18. Nd4 Rad8 19. Be2 h6 1/2-1/2

[Event "Cadillac Open"]
[Site "Cadillac, MI"]
[Date "1999.11.07"]
[Round "4"]
[White "Townsend, Paul"]
[Black "Kulbacki, James"]
[Result "1-0"]
[WhiteElo "1881"]
[BlackElo "2028"]
[PlyCount "95"]
[EventDate "1999.09.03"]

1. e3 g6 2. Nf3 Bg7 3. Bc4 d5 4. Bb3 Nf6 5. O-O O-O 6. h3 c5 7. c4 d4 8. exd4
cxd4 9. d3 Nc6 10. Re1 Nd7 11. a3 e5 12. Ba4 a5 13. Bg5 f6 14. Bh4 Qb6 15. Qc2
Nc5 16. Bxc6 bxc6 17. Nbd2 a4 18. Ne4 f5 19. Be7 fxe4 20. Bxf8 Bxf8 21. dxe4
Bg7 22. Rab1 Ra7 23. Nd2 Rb7 24. Qd1 Rf7 25. b4 Nd3 26. Rf1 Nf4 27. Kh2 Qd8 28.
Nf3 Qf6 29. Ng1 g5 30. g3 Nxh3 31. Nxh3 Qh6 32. g4 Qh4 33. f3 h5 34. Qe1 hxg4
35. Qxh4 gxh4 36. fxg4 Bxg4 37. Rxf7 Kxf7 38. b5 cxb5 39. cxb5 Bc8 40. Rb4 Bh6
41. Nf2 Be3 42. Nd3 Kf6 43. b6 Bf4+ 44. Nxf4 exf4 45. Rxd4 Ke5 46. Rxa4 h3 47.
Rb4 f3 48. Kg3 1-0

[Event "Cadillac Open"]
[Site "Cadillac, MI"]
[Date "1999.11.07"]
[Round "5"]
[White "Swathell, Gary"]
[Black "Roe, Philip"]
[Result "0-1"]
[WhiteElo "1551"]
[BlackElo "2050"]
[PlyCount "92"]
[EventDate "1999.09.03"]

1. c4 g6 2. Nc3 Bg7 3. d4 d6 4. g3 Nc6 5. Nf3 Bg4 6. e3 e5 7. d5 Nce7 8. Bg2
Nf6 9. Qc2 a5 10. O-O Qd7 11. e4 Bh3 12. Be3 b6 13. Nd2 h5 14. Qa4 Qxa4 15.
Nxa4 Bd7 16. Nc3 Ng4 17. Rfe1 h4 18. Bg5 f6 19. f3 fxg5 20. fxg4 Bxg4 21. Nb5
Kd7 22. Nf3 Bh6 23. Rf1 h3 24. Bh1 Rhf8 25. Rf2 Bh5 26. Raf1 g4 27. Nxe5+ dxe5
28. Rxf8 Rxf8 29. Rxf8 Bxf8 30. b3 Nc8 31. Nc3 Bc5+ 32. Kf1 Nd6 33. Ne2 g5 34.
Nc1 Bg6 35. Nd3 Bd4 36. Nf2 Bxf2 37. Kxf2 Nxe4+ 38. Ke3 Nd6 39. a3 Bc2 40. c5
bxc5 41. b4 cxb4 42. axb4 Nc4+ 43. Ke2 a4 44. d6 a3 45. dxc7 a2 46. Bc6+ Kxc7
0-1

[Event "Cadillac Open"]
[Site "Cadillac, MI"]
[Date "1999.11.07"]
[Round "4"]
[White "Roe, Philip"]
[Black "Matias, I.C."]
[Result "0-1"]
[WhiteElo "2050"]
[BlackElo "1632"]
[PlyCount "64"]
[EventDate "1999.09.03"]

1. e4 c6 2. d4 d5 3. Nc3 dxe4 4. Nxe4 Bf5 5. Ng3 Bg6 6. f4 e6 7. Nf3 Nf6 8. Bd3
Bxd3 9. Qxd3 Nbd7 10. Bd2 Bd6 11. O-O-O O-O 12. f5 e5 13. Bg5 Qa5 14. Kb1 Rfe8
15. dxe5 Bxe5 16. Nxe5 Qxe5 17. Rhf1 a5 18. Rf2 Nc5 19. Qf3 Rad8 20. Rfd2 Rxd2
21. Rxd2 Na4 22. c3 Qb5 23. Bxf6 Re1+ 24. Kc2 Qxb2+ 25. Kd3 Qb1+ 26. Kd4 Qb6+
27. Kc4 Qb5+ 28. Kd4 c5+ 29. Kd5 c4+ 30. Kd6 Qc5+ 31. Kd7 Nb6+ 32. Kd8 Qc8# 0-1

[Event "Cadillac Open"]
[Site "Cadillac, MI"]
[Date "1999.11.07"]
[Round "4"]
[White "Mitchell, Dave"]
[Black "Baker, David"]
[Result "1/2-1/2"]
[WhiteElo "1281"]
[BlackElo "1570"]
[PlyCount "72"]
[EventDate "1999.09.03"]

1. e4 d6 2. d4 Nf6 3. Nc3 g6 4. Nf3 Bg7 5. Be3 Ng4 6. Bg5 h6 7. Bh4 g5 8. h3
Nf6 9. Bg3 c5 10. dxc5 Qa5 11. Bb5+ Bd7 12. Bxd7+ Nbxd7 13. O-O Nxc5 14. Re1
O-O 15. e5 dxe5 16. Nxe5 Rad8 17. Qe2 Qb4 18. Qb5 Qxb5 19. Nxb5 a6 20. Nc3 Rd2
21. Nc4 Rxc2 22. Rxe7 b5 23. Ne3 Rxb2 24. Rd1 Nh5 25. Be5 Bxe5 26. Rxe5 Ne6 27.
Rd7 Nf6 28. Ra7 b4 29. Ne4 Nxe4 30. Rxe4 Rxa2 31. Nf5 a5 32. Nxh6+ Kg7 33. Rxe6
b3 34. Nf5+ Kg8 35. Nh6+ Kg7 36. Nf5+ Kg8 1/2-1/2

[Event "Cadillac Open"]
[Site "Cadillac, MI"]
[Date "1999.11.07"]
[Round "4"]
[White "Mayer, Raymond"]
[Black "Jacobs, Ron"]
[Result "0-1"]
[WhiteElo "1345"]
[BlackElo "1279"]
[PlyCount "70"]
[EventDate "1999.09.03"]

1. d4 Nf6 2. c4 e6 3. Nf3 b6 4. g3 Bb7 5. Bg2 c5 6. O-O cxd4 7. Nxd4 Bxg2 8.
Kxg2 Be7 9. Nc3 O-O 10. Qc2 d5 11. Rd1 Qc7 12. Bf4 Qxc4 13. Rac1 Nbd7 14. Ndb5
a6 15. Na3 Qc6 16. Kg1 Rfc8 17. Qb1 Qb7 18. Nc2 b5 19. e3 Nh5 20. Ne2 e5 21. g4
exf4 22. gxh5 fxe3 23. Nxe3 Rxc1 24. Qxc1 Bg5 25. f4 Be7 26. Nxd5 Bc5+ 27. Kf1
Rc8 28. Qd2 Qa8 29. b4 Ba7 30. Ng3 Kf8 31. Qe2 Nf6 32. Qe7+ Kg8 33. Nxf6+ gxf6
34. h6 Qf3+ 35. Ke1 Qf2# 0-1

[Event "Cadillac Open"]
[Site "Cadillac, MI"]
[Date "1999.11.07"]
[Round "5"]
[White "Matias, I.C."]
[Black "Townsend, Paul"]
[Result "0-1"]
[WhiteElo "1632"]
[BlackElo "1881"]
[PlyCount "64"]
[EventDate "1999.09.03"]

1. d4 e6 2. e4 b6 3. Nc3 Bb7 4. Bd3 Bb4 5. Nf3 Ne7 6. O-O Bxc3 7. bxc3 d6 8.
Ng5 h6 9. Nh3 Nd7 10. Qe2 e5 11. f4 O-O 12. f5 Nf6 13. Be3 Re8 14. Bf2 exd4 15.
Bxd4 Nc6 16. Bxf6 Qxf6 17. Nf4 Ne7 18. Nh5 Qg5 19. Nxg7 Kxg7 20. f6+ Kf8 21.
fxe7+ Rxe7 22. Rf5 Qxf5 23. exf5 Rxe2 24. Bxe2 Re8 25. Bd3 Re5 26. g4 Rc5 27.
Kf2 Rxc3 28. h4 Ra3 29. g5 hxg5 30. hxg5 Bd5 31. f6 Rxa2 32. Rh1 Bxh1 0-1

[Event "Cadillac Open"]
[Site "Cadillac, MI"]
[Date "1999.11.07"]
[Round "5"]
[White "Kulbacki, James"]
[Black "Mitchell, Dave"]
[Result "1-0"]
[WhiteElo "2023"]
[BlackElo "1281"]
[PlyCount "51"]
[EventDate "1999.09.03"]

1. d4 d6 2. Nf3 Nf6 3. Bf4 c6 4. e3 h6 5. Nbd2 Nh5 6. Bg3 Nxg3 7. hxg3 Nd7 8.
c3 Nf6 9. Bd3 Bg4 10. Qc2 Qc7 11. e4 e5 12. dxe5 dxe5 13. Nc4 Bxf3 14. gxf3
O-O-O 15. O-O h5 16. Ne3 Qd7 17. Rfd1 h4 18. g4 Be7 19. Bc4 Qe8 20. Qb3 g6 21.
Bxf7 Qf8 22. a4 Rxd1+ 23. Rxd1 Bc5 24. Qe6+ Kb8 25. Qxf6 Bxe3 26. fxe3 1-0